000 00868nam a2200253Ia 4500
003 OSt
005 20220923212544.0
006 a|||||r|||| 00| 0
007 ta
008 220922b |||||||| |||| 00| 0 hin d
024 _a154,035
037 _cTextual
040 _aARTS
_cARTS
_bhin
041 _2hin
_ahin
082 _aO152,1:gL5, L9
100 _aदशरथ राय
245 0 _aदक्खिानी हिन्दी का प्रेम गाथा काव्य 14 -175 ई
246 _aDakkhiānī hindī kā prem gāthā kāvya 1400-1750ī0
260 _aदिल्ली
_b सेतु प्रकाशन
_c1969
300 _a416 पृ.
_ccm.
650 _aहिन्दी साहित्य
_9156264
942 _hO152,1:gL5, L9
_cTEXL
_2CC
999 _c309663
_d309663